000 00245nam a2200109Ia 4500
008 190216s9999||||xx |||||||||||||| ||und||
100 _aThayat Sankaran
245 0 _aAnther Darshanam
260 _bNull
650 _aEssay Malayalam
942 _cBK
999 _c25384
_d25384